| 000 | 00831nam a2200301 4500 | ||
|---|---|---|---|
| 001 | 001701786 | ||
| 003 | DO-SdBNP | ||
| 005 | 20180207105450.0 | ||
| 007 | 001701786 | ||
| 008 | 010827s1981 sp | ||| ||spa | ||
| 016 | 7 |
_a _2BPMSU |
|
| 017 |
_a _b |
||
| 020 | _a843207148X | ||
| 035 | _a | ||
| 040 |
_aBPMSU _bspa _cBPMSU _e |
||
| 080 | 0 | _a | |
| 100 | 1 |
_aDelibes, Miguel _d1920-2010 |
|
| 245 | 1 | 4 |
_aLos santos inocentes / _h _cMiguel Delibes |
| 250 | _a | ||
| 260 |
_aBarcelona : _bPlaneta, _c1981 |
||
| 300 |
_a175 p.: _c21 cm |
||
| 490 | 1 |
_a Narrativa _v 48 |
|
| 500 | _aLos humillados y ofendicos de la vida campesina, por el gran escritor de la Castilla acutal | ||
| 830 |
_pNarrativa _v48 |
||
| 942 |
_2ddc _cBK |
||
| 945 | _ainventariado, 2018 / dg | ||
| 956 |
_aVMATEO _210 _320160407 _6BPMSU _80069 |
||
| 999 |
_c10299 _d10299 |
||